• 首页
  • 本馆介绍
  • 公告通知
  • 最新文献
  • 馆藏检索
  • 电子资源
  • 读者导购
  • 参考咨询
  • 我的图书馆
  • 登录
  • 详细信息显示
  • 放入我的书架
  • 预约/预借图书
  • 作者相关作品
  • 分类相关作品
  • 丛书相关作品
  • 出版社相关作品

书目信息

  • 表格格式
  • 工作单格式
  • 卡片格式
题名:
中国城镇居民物质消费水平变化趋势研究
    
 
作者: 朱高林 著
分册:  
出版信息: 北京   科学出版社  2014.3
页数: 10,167页
开本: 24cm
丛书名: 中国软科学研究丛书
单 册:
中图分类: F126.1
科图分类:
主题词: 城镇--居民消费--消费水平--研究--中国--1957-2011 , 城镇 , 居民消费 , 消费水平
电子资源:
ISBN: 978-7-03-040127-4
000 01095oam2 2200301 450
001 523
005 20140908161921.15
010    @a978-7-03-040127-4@b精装@dCNY68.00
100    @a20140515d2014 em y0chiy50 ea
101 0  @achi
102    @aCN@b110000
105    @ay z 000yy
106    @ar
200 1  @a中国城镇居民物质消费水平变化趋势研究@AZhong Guo Cheng Zhen Ju Min Wu Zhi Xiao Fei Shui Ping Bian Hua Qu Shi Yan Jiu@e1957~2011@f朱高林著@FZhu Gao Lin Zhu
210    @a北京@c科学出版社@d2014.3
215    @a10,167页@d24cm
225 2  @a中国软科学研究丛书
300    @a“十一五”国家重点图书出版规划项目 国家软科学研究计划资助出版项目
330    @a本书探讨了1957-2011年我国城镇居民物质消费水平的变化过程、变化特点、存在问题和发展趋势,提出了扩大内需的思路和建议。
461  0 @12001 @a中国软科学研究丛书
606 0  @a城镇@x居民消费@x消费水平@x研究@y中国@z1957-2011
606 0  @a城镇
606 0  @a居民消费
606 0  @a消费水平
690    @aF126.1@v5
701  0 @a朱高林@AZhu Gao Lin@c(经济学)@4著
801  0 @aCN@bTANGWEI@c20140603
905    @b0838276-78@dF126.1@e205@f3
    
    中国城镇居民物质消费水平变化趋势研究:1957~2011/朱高林著.-北京:科学出版社,2014.3
    10,167页;24cm.-(中国软科学研究丛书)
    “十一五”国家重点图书出版规划项目 国家软科学研究计划资助出版项目
    
    ISBN 978-7-03-040127-4(精装):CNY68.00
    本书探讨了1957-2011年我国城镇居民物质消费水平的变化过程、变化特点、存在问题和发展趋势,提出了扩大内需的思路和建议。
●
相关链接 在E读中查询图书 在五车中查询图书 在当当中查询图书 在豆瓣中查询图书


正题名:中国城镇居民物质消费水平变化趋势研究     索取号:F126.1/205         预约/预借

序号 登录号 条形码 馆藏地/架位号 状态 备注
1 0838276   208382766   第一样本阅览室/ [索取号:F126.1/205] 在馆    
2 0838277   208382775   第一借阅区/ [索取号:F126.1/205] 在馆    
3 0838278   208382784   密集书库-海洋学院/ [索取号:F126.1/205] 在馆    
唐山师范学院图书馆 欢迎您!
大连网信软件有限公司© 版权所有